Droit pénal spécial
Saved in:
| Hovedforfatter: | |
|---|---|
| Format: | Bog |
| Sprog: | spansk |
| Udgivet: |
París
Dalloz
2004
|
| Udgivelse: | 10a. ed |
| Fag: | |
| Tags: |
Tilføj Tag
Ingen Tags, Vær først til at tagge denne postø!
|
MARC
| LEADER | 00000nam a2200000 a 4500 | ||
|---|---|---|---|
| 001 | UCJ2264 | ||
| 003 | CL-VaPUC | ||
| 008 | 061201e20040000FR |||||||||||||||||spa|d | ||
| 020 | |a 2247054951 | ||
| 082 | 0 | 4 | |a 345.05 |b VER |2 21 |
| 100 | 0 | |a Véron, Michel |e author |9 503233 | |
| 245 | 1 | 0 | |a Droit pénal spécial |
| 250 | |a 10a. ed | ||
| 300 | |a 409 p | ||
| 942 | |c BK | ||
| 945 | |d 20061201 00:00:00 |a jtorresc | ||
| 260 | |a París |b Dalloz |c 2004 | ||
| 650 | 7 | |a DERECHO PENAL |2 CL-VaPUC |9 11 | |
| 650 | 0 | |a Procedimiento penal |9 254974 | |
| 583 | |a last modification |c 20061201 00:00:00 |k Rodrigo Vera | ||
| 999 | |c 318614 |d 318612 | ||
| 952 | |0 0 |1 0 |4 0 |6 345_050000000000000_VER_2004 |7 0 |8 A |9 396553 |a BIBDER |b BIBDER |d 2019-11-22 |i 4264312 |o 345.05 VER 2004 |p 4264312 |r 2023-01-25 |w 2019-11-22 |y BK |k DER | ||